| 000 | 00863nam a2200229Ia 4500 | ||
|---|---|---|---|
| 003 | GCL | ||
| 008 | 140319s9999 xx 000 0 ara d | ||
| 020 | _a7714101977 | ||
| 040 |
_aGCL / _cGCL |
||
| 082 | 0 | 4 |
_aق _b962.00146 _bع ت |
| 100 | 1 | _aعبدالعظيم رمضان | |
| 245 | 1 | 0 |
_aتاريخ سواحل مصر الشمالية عبر العصور / _cعبدالعظيم رمضان |
| 260 |
_aالقاهرة : _bالهيئة المصرية العامة للكتاب ، _c2001 |
||
| 300 |
_a528 ص ؛ _c22 سم |
||
| 490 |
_aتاريخ المصريين _v200 |
||
| 650 | 0 | 4 | _aمصر - تاريخ - العصر الحديث |
| 650 | 0 | 4 | _aالسواحل المصرية - تاريخ |
| 650 | 0 | 4 | _aمصر - ملاحة بحرية |
| 650 | 0 | 4 | _aمصر - المناطق الساحلية |
| 650 | 0 | 4 | _aمصر القديمة - تاريخ |
| 942 |
_2ddc _cBK |
||
| 999 |
_c44652 _d44652 |
||